000 00918nam a2200265Ia 4500
003 OSt
005 20220923211256.0
006 a|||||r|||| 00| 0
007 ta
008 220922b |||||||| |||| 00| 0 pan d
020 _a9788178838346 (pbk)
_c90
024 _a349,512
037 _b175, 15/02/2019, National Book Shop
_cTextual
040 _aARTS
_cARTS
_bpan
041 _2pan
_apan
082 _aO153,1NZAx, Q7
100 _aਗ਼ਖ਼ਰ, ਜਸਵੰਤ, ਂਚ.
245 0 _aਦੋ ਸਾਹਾਂ ਵਿਚਕਾਰ
260 _aਲੁਧਿਆਨਾ
_b ਚੇਤਨਾ ਪ੍ਰਕਾFਨ
_c2017
300 _a64ਪ੍ਰ0
_ccm.
650 _a ਪੰਜਾਬੀ ਕਾਵਿ
650 _aਪੰਜਾਬੀ ਸਾਹਿਤ
942 _hO153,1NZAx, Q7
_cTEXL
_2CC
999 _c298047
_d298047